[Event "Minsk op"]
[Site "Minsk"]
[Date "2023.11.08"]
[Round "6"]
[White "Sarbay, Alexander"]
[Black "Arhipov, Roman"]
[Result "1-0"]
[WhiteElo "2037"]
[BlackElo "1563"]
[PlyCount "103"]
[EventDate "2023.11.03"]
[EventType "swiss"]
[EventRounds "9"]
[EventCountry "BLR"]
[SourceTitle "CB46_2023"]
[SourceDate "2023.11.15"]
[SourceVersion "1"]
[SourceVersionDate "2023.11.15"]
[SourceQuality "1"]

1. e4 e5 2. Bc4 Nc6 3. Nc3 Nf6 4. d3 Bc5 5. f4 d6 6. Nf3 Be6 7. Bb5 a6 8. Bxc6+ bxc6 9. fxe5 dxe5 10. Qe2 Nd7 11. Be3 Qe7 12. 0-0 0-0 13. b3 Bg4 14. Nd1 f5 15. exf5 Rxf5 16. h3 Bxf3 17. Rxf3 Raf8 18. Rxf5 Rxf5 19. Nf2 a5 20. Ne4 Bb6 21. a4 Nc5 22. Bxc5 Bxc5+ 23. Kh2 Bd4 24. Rf1 g6 25. g4 Rf4 26. g5 Kg7 27. Nf6 Bc5 28. Rxf4 exf4 29. Qe4 Kf7 30. Kg2 h6 31. Qc4+ Qe6 32. Qxc5 f3+ 33. Kg3 Qe1+ 34. Qf2 Qe5+ 35. Kxf3 Qxg5 36. Ne4 Qe5 37. Kg2+ Ke8 38. Qf6 Qh5 39. Qxc6+ Kd8 40. Qf6+ Kc8 41. Qf3 Qe5 42. Qg4+ Kb8 43. Qxg6 h5 44. Qf6 Qd5 45. Qf8+ Kb7 46. Qc5 Qg8+ 47. Qg5 Qf7 48. Qb5+ Kc8 49. Qxa5 h4 50. Nd6+ cxd6 51. Qa8+ Kd7 52. Qb7+ 1-0

[Event "Minsk op"]
[Site "Minsk"]
[Date "2023.11.07"]
[Round "5"]
[White "Halavan, Uladzimir"]
[Black "Sarbay, Alexander"]
[Result "0-1"]
[WhiteElo "1452"]
[BlackElo "2037"]
[PlyCount "79"]
[EventDate "2023.11.03"]
[EventType "swiss"]
[EventRounds "9"]
[EventCountry "BLR"]
[SourceTitle "CB46_2023"]
[SourceDate "2023.11.15"]
[SourceVersion "1"]
[SourceVersionDate "2023.11.15"]
[SourceQuality "1"]

1. e4 c5 2. Nf3 a6 3. c3 g6 4. d4 cxd4 5. Qxd4 Nf6 6. e5 Nc6 7. Qa4 Nd5 8. Qe4 Nc7 9. Bc4 Bg7 10. 0-0 0-0 11. Bg5 d5 12. exd6 Qxd6 13. Na3 Bf5 14. Qh4 Rad8 15. Bh6 Ne8 16. Bxg7 Kxg7 17. h3 Nf6 18. Rad1 Qc7 19. Rxd8 Rxd8 20. Ng5 Ne5 21. Qg3 Rd7 22. Bb3 h6 23. f4 hxg5 24. fxe5 Ne4 25. Qe3 Qxe5 26. Nc4 Qc5 27. Qxc5 Nxc5 28. Ne5 Rd2 29. Bxf7 Re2 30. Nc4 Kxf7 31. g4 Ke6 32. gxf5+ gxf5 33. b4 Ne4 34. a4 Nxc3 35. Rc1 Nxa4 36. Kf1 Rh2 37. Re1+ Kf6 38. Ne3 Rh1+ 39. Kf2 Rxe1 40. Kxe1 0-1

[Event "Minsk op"]
[Site "Minsk"]
[Date "2023.11.03"]
[Round "1"]
[White "Kirko, Ivan"]
[Black "Sarbay, Alexander"]
[Result "1-0"]
[WhiteElo "1273"]
[BlackElo "2037"]
[PlyCount "95"]
[EventDate "2023.11.03"]
[EventType "swiss"]
[EventRounds "9"]
[EventCountry "BLR"]
[SourceTitle "CB46_2023"]
[SourceDate "2023.11.15"]
[SourceVersion "1"]
[SourceVersionDate "2023.11.15"]
[SourceQuality "1"]

1. e4 c5 2. Nf3 g6 3. d4 cxd4 4. Nxd4 Nc6 5. Be3 Nf6 6. Nc3 Bg7 7. Nxc6 bxc6 8. e5 Ng8 9. Bd4 Qc7 10. f4 f6 11. Qe2 fxe5 12. fxe5 Nh6 13. g4 0-0 14. 0-0-0 Nf7 15. Bg2 Bxe5 16. Nd5 Qd6 17. Bxe5 Qxe5 18. Nxe7+ Kg7 19. Qxe5+ Nxe5 20. Rhe1 Nxg4 21. Nxc8 Raxc8 22. Rxd7+ Kh6 23. Bh3 Nf2 24. Bg2 Ng4 25. Rxa7 c5 26. Bh3 Rf4 27. Rg1 Kg5 28. Rxh7 Re8 29. Bxg4 Rxg4 30. h4+ Kf5 31. Rf1+ Ke5 32. h5 g5 33. h6 Rf4 34. Rg1 Kf6 35. Rc7 Re5 36. Rd1 Rh4 37. b3 g4 38. Rd6+ Kf5 39. Rf7+ Kg5 40. Rg7+ Kf4 41. h7 Reh5 42. Rdg6 Rxh7 43. Rxg4+ Rxg4 44. Rxh7 Ke5 45. Rd7 c4 46. Kb2 Ke6 47. Rd1 cxb3 48. axb3 1-0

[Event "Minsk Bronstein Memorial op"]
[Site "Minsk"]
[Date "2020.02.23"]
[Round "9"]
[White "Savitski, Andrei"]
[Black "Sarbay, Alexander"]
[Result "1-0"]
[WhiteElo "2257"]
[BlackElo "2135"]
[PlyCount "67"]
[EventDate "2020.02.22"]
[EventType "swiss (rapid)"]
[EventRounds "10"]
[EventCountry "BLR"]
[SourceTitle "CBM 195 Extra"]
[Source "ChessBase"]
[SourceDate "2020.05.31"]
[SourceVersion "1"]
[SourceVersionDate "2020.05.31"]
[SourceQuality "1"]

1. e4 c5 2. b4 cxb4 3. a3 Nf6 4. e5 Nd5 5. axb4 Nxb4 6. Ba3 N4c6 7. Nf3 g6 8. d4 Bg7 9. Be2 0-0 10. 0-0 d6 11. exd6 exd6 12. Nc3 Bg4 13. Nb5 Re8 14. Bxd6 Na6 15. c3 Ne7 16. h3 Bd7 17. Rxa6 bxa6 18. Nc7 Bb5 19. Nxe8 Qxe8 20. Bxb5 axb5 21. Re1 Bf6 22. Qe2 Qd7 23. Bxe7 Re8 24. Bxf6 Rxe2 25. Rxe2 Qc6 26. Be7 f6 27. Bb4 Qb6 28. Re8+ Kg7 29. Re7+ Kg8 30. d5 a5 31. d6 axb4 32. d7 b3 33. Re8+ Kf7 34. d8Q 1-0

[Event "Wch Seniors 65 29th"]
[Site "Bucharest"]
[Date "2019.11.22"]
[Round "10"]
[White "Jurek, Josef"]
[Black "Sarbay, Alexander"]
[Result "1-0"]
[WhiteElo "2250"]
[BlackElo "2128"]
[PlyCount "75"]
[EventDate "2019.11.12"]
[EventType "swiss"]
[EventRounds "11"]
[EventCountry "ROU"]
[SourceTitle "CBM 193 Extra"]
[Source "ChessBase"]
[SourceDate "2020.01.31"]
[SourceVersion "1"]
[SourceVersionDate "2020.01.31"]
[SourceQuality "1"]

1. Nf3 c5 2. c4 Nf6 3. g3 g6 4. Bg2 Bg7 5. Nc3 Nc6 6. d4 cxd4 7. Nxd4 Nxd4 8. Qxd4 d6 9. 0-0 0-0 10. Qd3 a6 11. Bd2 Bf5 12. e4 Be6 13. b3 Nd7 14. Rac1 Ne5 15. Qe2 b5 16. f4 Nc6 17. Nd5 bxc4 18. Rxc4 Nd4 19. Qd3 Bxd5 20. exd5 Nf5 21. Bh3 e6 22. Bxf5 exf5 23. Rc6 a5 24. Re1 Rc8 25. Kg2 Rxc6 26. dxc6 Qb6 27. Qd5 Rc8 28. Rc1 Qa6 29. Rc4 a4 30. b4 a3 31. b5 Qb6 32. Rc1 Bd4 33. Re1 Bc5 34. Re7 Rf8 35. c7 Bg1 36. Be1 Qc5 37. Qxc5 Bxc5 38. Bf2 1-0

[Event "Minsk Kupreichik Memorial rapid"]
[Site "Minsk"]
[Date "2019.08.17"]
[Round "9"]
[White "Veremeichik, Vladimir"]
[Black "Sarbay, Alexander"]
[Result "1-0"]
[WhiteElo "2282"]
[BlackElo "2115"]
[PlyCount "87"]
[EventDate "2019.08.15"]
[EventType "swiss (rapid)"]
[EventRounds "10"]
[EventCountry "BLR"]
[SourceTitle "CBM 191 Extra"]
[Source "ChessBase"]
[SourceDate "2019.09.30"]
[SourceVersion "1"]
[SourceVersionDate "2019.09.30"]
[SourceQuality "1"]

1. d4 Nf6 2. c4 e6 3. Nc3 c5 4. d5 exd5 5. cxd5 d6 6. Nf3 g6 7. Bf4 a6 8. a4 Bg7 9. h3 0-0 10. e3 Qe7 11. Nd2 Nh5 12. Bh2 Nd7 13. Be2 Nhf6 14. 0-0 b6 15. Re1 Bb7 16. e4 Ne8 17. Nc4 Rb8 18. Bg4 Ba8 19. Qd3 b5 20. axb5 axb5 21. Na5 c4 22. Qc2 Nc5 23. Nc6 Bxc6 24. dxc6 Nd3 25. Nd5 Qd8 26. Re3 Bxb2 27. Rb1 Be5 28. Rxd3 Bxh2+ 29. Kxh2 cxd3 30. Qc3 f5 31. exf5 gxf5 32. Bf3 Rf7 33. Bh5 Nc7 34. Bxf7+ Kxf7 35. Qxd3 Kg6 36. g4 Nxd5 37. Qxf5+ Kg7 38. Qxd5 Qf6 39. Kg2 Qe5 40. Qxe5+ dxe5 41. c7 Rc8 42. Rxb5 Kf6 43. Rb6+ Kg5 44. Kg3 1-0

[Event "Minsk Kupreichik Memorial rapid"]
[Site "Minsk"]
[Date "2019.08.15"]
[Round "1"]
[White "Lavrishchev, Matvei"]
[Black "Sarbay, Alexander"]
[Result "0-1"]
[WhiteElo "1175"]
[BlackElo "2115"]
[PlyCount "122"]
[EventDate "2019.08.15"]
[EventType "swiss (rapid)"]
[EventRounds "10"]
[EventCountry "BLR"]
[SourceTitle "CBM 191 Extra"]
[Source "ChessBase"]
[SourceDate "2019.09.30"]
[SourceVersion "1"]
[SourceVersionDate "2019.09.30"]
[SourceQuality "1"]

1. e4 c5 2. Nf3 Nc6 3. d4 cxd4 4. Nxd4 g6 5. Nc3 Bg7 6. Be3 Nf6 7. f3 0-0 8. Bc4 Qb6 9. Bb3 Nxe4 10. fxe4 Bxd4 11. Bxd4 Qxd4 12. Qxd4 Nxd4 13. 0-0-0 Nc6 14. Nd5 d6 15. Ba4 Bg4 16. Rd2 Rae8 17. h3 Bd7 18. Re1 Ne5 19. Bxd7 Nxd7 20. Nc7 Rc8 21. Nb5 a6 22. Nc3 Nb6 23. Nd5 Nxd5 24. exd5 Rc7 25. Rde2 Re8 26. Kd2 Kf8 27. Kd3 Rec8 28. b3 b5 29. Rf2 Rc3+ 30. Ke2 Rxc2+ 31. Kf1 Rxf2+ 32. Kxf2 Rc2+ 33. Re2 Rxe2+ 34. Kxe2 e6 35. Ke3 exd5 36. Kd4 Ke7 37. Kxd5 Kd7 38. h4 f5 39. g3 h6 40. b4 g5 41. h5 Kc7 42. a3 Kd7 43. Kd4 Ke6 44. g4 fxg4 45. Ke3 d5 46. Kf2 d4 47. Kg3 d3 48. Kf2 g3+ 49. Kf1 d2 50. Ke2 g2 51. Kxd2 g1Q 52. a4 bxa4 53. b5 axb5 54. Kc3 Qc5+ 55. Kb2 b4 56. Ka2 a3 57. Kb3 a2 58. Kxa2 Qc2+ 59. Ka1 Qh2 60. Kb1 b3 61. Kc1 Qc2# 0-1

[Event "Vilnius Zavanelli Memorial op-A"]
[Site "Vilnius"]
[Date "2018.10.28"]
[Round "9"]
[White "Sarbay, Alexander"]
[Black "Zaksaite, Salomeja"]
[Result "0-1"]
[WhiteElo "2115"]
[BlackElo "2278"]
[PlyCount "46"]
[EventDate "2018.10.22"]
[EventType "swiss"]
[EventRounds "9"]
[EventCountry "LTU"]
[SourceTitle "CBM 187 Extra"]
[Source "ChessBase"]
[SourceDate "2018.11.04"]
[SourceVersion "1"]
[SourceVersionDate "2018.11.04"]
[SourceQuality "1"]

1. e4 c5 2. Nf3 e6 3. d3 Nc6 4. g3 d6 5. Bg2 Nf6 6. 0-0 Be7 7. Nbd2 0-0 8. Re1 Bd7 9. c3 Qc7 10. Nb3 Rac8 11. d4 cxd4 12. Nbxd4 Ne5 13. Nxe5 dxe5 14. Nc2 Rfd8 15. Qf3 Bc6 16. Qe2 h6 17. Be3 a6 18. f3 Nd7 19. Qf2 b6 20. Bf1 Bb7 21. Rad1 b5 22. Be2 Nc5 23. Nb4 f5 0-1

[Event "Vilnius Zavanelli Memorial op-A"]
[Site "Vilnius"]
[Date "2018.10.27"]
[Round "8"]
[White "Kubicka, Anna"]
[Black "Sarbay, Alexander"]
[Result "1-0"]
[WhiteElo "2174"]
[BlackElo "2115"]
[PlyCount "46"]
[EventDate "2018.10.22"]
[EventType "swiss"]
[EventRounds "9"]
[EventCountry "LTU"]
[SourceTitle "CBM 187 Extra"]
[Source "ChessBase"]
[SourceDate "2018.11.04"]
[SourceVersion "1"]
[SourceVersionDate "2018.11.04"]
[SourceQuality "1"]

1. e4 c5 2. Nf3 Nc6 3. d4 cxd4 4. Nxd4 g6 5. c4 Nf6 6. Nc3 Bg7 7. Be3 0-0 8. Be2 b6 9. 0-0 Bb7 10. f3 e6 11. Qd2 d5 12. Nxc6 Bxc6 13. cxd5 exd5 14. e5 Ne8 15. f4 f6 16. Bd4 Qe7 17. Bf3 Rd8 18. Rae1 f5 19. Qc2 Nc7 20. Qb3 Qe6 21. Rd1 Rf7 22. Rfe1 Bf8 23. Rd2 Rfd7 1-0

[Event "Minsk Amateur op"]
[Site "Minsk"]
[Date "2018.06.29"]
[Round "7"]
[White "Spizharny, Mikhail"]
[Black "Sarbay, Alexander"]
[Result "1-0"]
[WhiteElo "2015"]
[BlackElo "2183"]
[PlyCount "65"]
[EventDate "2018.06.25"]
[EventType "swiss"]
[EventRounds "9"]
[EventCountry "BLR"]
[SourceTitle "CBM 185 Extra"]
[Source "ChessBase"]
[SourceDate "2018.07.29"]
[SourceVersion "1"]
[SourceVersionDate "2018.07.29"]
[SourceQuality "1"]

1. e4 c5 2. Nf3 Nc6 3. Bb5 d6 4. Bxc6+ bxc6 5. 0-0 e5 6. Re1 g5 7. d3 g4 8. Nfd2 Bg7 9. Nc4 h5 10. f4 gxf3 11. Qxf3 Bg4 12. Qf2 Nh6 13. Rf1 Be6 14. Qg3 Bf6 15. Nxd6+ Qxd6 16. Rxf6 Ng4 17. Rf1 0-0-0 18. h3 Qd4+ 19. Kh1 c4 20. Nc3 cxd3 21. cxd3 Rdg8 22. Ne2 Qb6 23. b3 f6 24. d4 exd4 25. hxg4 hxg4+ 26. Kg1 Rh3 27. Qf2 Rd3 28. Bf4 Rh8 29. Rfd1 Rxd1+ 30. Rxd1 c5 31. Ng3 Qb7 32. Rc1 c4 33. Qxd4 1-0

[Event "Minsk Kupreichik Memorial op"]
[Site "Minsk"]
[Date "2018.06.22"]
[Round "7"]
[White "Belyuga, Mikhail"]
[Black "Sarbay, Alexander"]
[Result "1-0"]
[WhiteElo "1908"]
[BlackElo "2183"]
[PlyCount "115"]
[EventDate "2018.06.21"]
[EventType "swiss (rapid)"]
[EventRounds "11"]
[EventCountry "BLR"]
[SourceTitle "CBM 185 Extra"]
[Source "ChessBase"]
[SourceDate "2018.07.29"]
[SourceVersion "1"]
[SourceVersionDate "2018.07.29"]
[SourceQuality "1"]

1. Nf3 c5 2. c4 Nf6 3. Nc3 Nc6 4. g3 g6 5. Bg2 Bg7 6. 0-0 0-0 7. d3 d6 8. a3 Bd7 9. Rb1 Qc8 10. b4 cxb4 11. axb4 Bh3 12. Bd2 Bxg2 13. Kxg2 Qf5 14. Qa4 Ne5 15. Nd4 Qh5 16. Ndb5 a6 17. Nd4 Qg4 18. Nc2 h5 19. Ne3 Qe6 20. b5 h4 21. Qb4 a5 22. Qb3 h3+ 23. Kg1 Ned7 24. Rfe1 Nc5 25. Qc2 a4 26. Ncd5 Nxd5 27. Nxd5 Rad8 28. Bc3 Bxc3 29. Nxc3 b6 30. Ra1 Nb3 31. Rxa4 Nd4 32. Qd1 Ra8 33. e3 Nf5 34. Qa1 Nh4 35. Rxa8 Nf3+ 36. Kh1 Nxe1 37. Rxf8+ Kxf8 38. Qxe1 Qf6 39. Kg1 g5 40. Ne4 Qf3 41. Qf1 g4 42. Ng5 Qf5 43. f4 d5 44. cxd5 Qxd5 45. Nxh3 gxh3 46. Qxh3 e6 47. Qh8+ Ke7 48. Qc3 Qf3 49. Qd2 f5 50. d4 Qe4 51. Qe2 Qd5 52. h4 Kf6 53. h5 Qe4 54. Kh2 Kg7 55. g4 fxg4 56. Qxg4+ Kf8 57. Qe2 Kg7 58. Qg2+ 1-0

[Event "Minsk Kupreichik Memorial op"]
[Site "Minsk"]
[Date "2018.06.22"]
[Round "5"]
[White "Fedorov, Alexei"]
[Black "Sarbay, Alexander"]
[Result "1-0"]
[WhiteElo "2572"]
[BlackElo "2183"]
[PlyCount "59"]
[EventDate "2018.06.21"]
[EventType "swiss (rapid)"]
[EventRounds "11"]
[EventCountry "BLR"]
[SourceTitle "CBM 185 Extra"]
[Source "ChessBase"]
[SourceDate "2018.07.29"]
[SourceVersion "1"]
[SourceVersionDate "2018.07.29"]
[SourceQuality "1"]

1. c4 e5 2. d3 Nf6 3. Nf3 Nc6 4. Nc3 Bb4 5. Bd2 0-0 6. e3 d5 7. cxd5 Nxd5 8. Be2 Bg4 9. 0-0 Nf6 10. a3 Be7 11. Qc2 Qd7 12. b4 a6 13. Rfd1 Rad8 14. Be1 Rfe8 15. Rab1 h6 16. Ne4 Nxe4 17. dxe4 Qe6 18. h3 Bh5 19. Rxd8 Rxd8 20. a4 Rd7 21. b5 axb5 22. Rxb5 b6 23. Nxe5 Nxe5 24. Bxh5 Nd3 25. Bg4 Qg6 26. Bc3 Rd8 27. Rf5 Bc5 28. Bh5 Qd6 29. Rd5 Qe7 30. Qxd3 1-0

[Event "Minsk Kupreichik Memorial op"]
[Site "Minsk"]
[Date "2018.06.21"]
[Round "3"]
[White "Tsvetkova, Vladislava"]
[Black "Sarbay, Alexander"]
[Result "0-1"]
[WhiteElo "1702"]
[BlackElo "2183"]
[PlyCount "132"]
[EventDate "2018.06.21"]
[EventType "swiss (rapid)"]
[EventRounds "11"]
[EventCountry "BLR"]
[SourceTitle "CBM 185 Extra"]
[Source "ChessBase"]
[SourceDate "2018.07.29"]
[SourceVersion "1"]
[SourceVersionDate "2018.07.29"]
[SourceQuality "1"]

1. e4 c5 2. Nf3 Nc6 3. d4 cxd4 4. Nxd4 g6 5. Ne2 Nf6 6. Nbc3 Bg7 7. g3 0-0 8. Bg2 d6 9. 0-0 Ne5 10. Nd5 Nxd5 11. exd5 Bg4 12. c3 Qd7 13. Be3 Bh3 14. Bd4 Bxg2 15. Kxg2 Qf5 16. Nf4 g5 17. Bxe5 Bxe5 18. Nd3 Bf6 19. Qf3 Qg6 20. Rad1 Kg7 21. Qe2 h5 22. f4 g4 23. f5 Qg5 24. Rf4 Rac8 25. Rh1 b5 26. h3 gxh3+ 27. Rxh3 Rh8 28. Rfh4 Qxf5 29. Rxh5 Qd7 30. Qe4 Rxh5 31. Rxh5 Rh8 32. Nf4 Be5 33. Rxh8 Kxh8 34. Nd3 Bf6 35. Qe3 Qf5 36. Nf4 Bg5 37. Qf3 Bxf4 38. Qxf4 Qxd5+ 39. Kh2 Kg7 40. Qg4+ Kf6 41. Qf4+ Qf5 42. Qd4+ Qe5 43. Qh4+ Ke6 44. Qg4+ Qf5 45. Qe2+ Kd7 46. b3 Qe5 47. Qf3 Ke6 48. Qg4+ Qf5 49. Qe2+ Kd7 50. a4 bxa4 51. bxa4 a5 52. Qe3 Qc5 53. Qf3 f5 54. Qb7+ Ke6 55. Qb3+ Qd5 56. Qc2 Qc4 57. Kh3 d5 58. Qd1 Qxc3 59. Qe2+ Qe5 60. Qa6+ Qd6 61. Qxa5 d4 62. Qe1+ Qe5 63. Qd2 Qe3 64. Qa2+ Kd6 65. a5 f4 66. Qg2 Qxg3+ 0-1

[Event "Orsha op"]
[Site "Orsha"]
[Date "2018.02.02"]
[Round "7"]
[White "Filipets, Egor"]
[Black "Sarbay, Alexander"]
[Result "1/2-1/2"]
[WhiteElo "2366"]
[BlackElo "2155"]
[PlyCount "81"]
[EventDate "2018.01.29"]
[EventType "swiss"]
[EventRounds "9"]
[EventCountry "BLR"]
[SourceTitle "CBM 182 Extra"]
[Source "ChessBase"]
[SourceDate "2018.02.23"]
[SourceVersion "1"]
[SourceVersionDate "2018.02.23"]
[SourceQuality "1"]

1. c4 c5 2. Nf3 Nf6 3. Nc3 Nc6 4. g3 g6 5. Bg2 Bg7 6. 0-0 0-0 7. d4 cxd4 8. Nxd4 Nxd4 9. Qxd4 d6 10. Qd2 Be6 11. Bxb7 Rb8 12. Bg2 Bxc4 13. b3 Nd5 14. Bxd5 Bxd5 15. Qxd5 Bxc3 16. Bh6 Bxa1 17. Bxf8 Qxf8 18. Rxa1 Qg7 19. Rc1 Qb2 20. Rc7 Qxe2 21. Rxa7 Rc8 22. Ra8 Rxa8 23. Qxa8+ Kg7 24. a4 Qd1+ 25. Kg2 d5 26. a5 e5 27. Qb8 Qe2 28. Qb4 d4 29. Qc4 d3 30. a6 e4 31. Qd4+ Kh6 32. h4 d2 33. a7 Qf3+ 34. Kh2 d1Q 35. Qxd1 Qxf2+ 36. Kh3 Qxa7 37. Qd6 f5 38. b4 Qg1 39. Qf4+ Kg7 40. Qc7+ Kh6 41. Qf4+ 1/2-1/2

[Event "Orsha op"]
[Site "Orsha"]
[Date "2018.01.31"]
[Round "5"]
[White "Sviridov, Valery"]
[Black "Sarbay, Alexander"]
[Result "1-0"]
[WhiteElo "2515"]
[BlackElo "2155"]
[PlyCount "41"]
[EventDate "2018.01.29"]
[EventType "swiss"]
[EventRounds "9"]
[EventCountry "BLR"]
[SourceTitle "CBM 182 Extra"]
[Source "ChessBase"]
[SourceDate "2018.02.23"]
[SourceVersion "1"]
[SourceVersionDate "2018.02.23"]
[SourceQuality "1"]

1. Nf3 c5 2. g3 d5 3. Bg2 Nf6 4. 0-0 g6 5. d3 Bg7 6. Nbd2 0-0 7. e4 Nc6 8. exd5 Nxd5 9. Re1 e5 10. c3 b6 11. Nc4 Re8 12. Ng5 f6 13. Ne3 Nce7 14. Nxd5 Nxd5 15. c4 Bb7 16. Nh3 Re7 17. cxd5 Bxd5 18. f4 Bxg2 19. Kxg2 Rd7 20. Qb3+ Kh8 21. Nf2 1-0

[Event "Palanga op"]
[Site "Palanga"]
[Date "2015.06.20"]
[Round "9"]
[White "Sarbay, Alexander"]
[Black "Zickus, Simonas"]
[Result "0-1"]
[WhiteElo "2136"]
[BlackElo "2302"]
[PlyCount "100"]
[EventDate "2015.06.15"]
[EventType "swiss"]
[EventRounds "9"]
[EventCountry "LTU"]
[SourceTitle "CBM 167 Extra"]
[Source "ChessBase"]
[SourceDate "2015.09.14"]
[SourceVersion "1"]
[SourceVersionDate "2015.09.14"]
[SourceQuality "1"]

1. e4 c5 2. Nf3 Nc6 3. Bb5 g6 4. Bxc6 dxc6 5. d3 Bg7 6. h3 Nf6 7. Nc3 Nd7 8. Be3 e5 9. Qd2 h6 10. Nh2 Qe7 11. 0-0 Nf8 12. f4 exf4 13. Rxf4 Ne6 14. Rf2 Nd4 15. Raf1 Be6 16. Ng4 0-0-0 17. Nxh6 Rdf8 18. Nd1 f5 19. Bg5 Qd7 20. c3 Nb5 21. exf5 gxf5 22. Re2 Nc7 23. Nf2 c4 24. d4 c5 25. g4 fxg4 26. Nhxg4 cxd4 27. cxd4 Bxd4 28. Be3 Bxg4 29. Nxg4 Bxe3+ 30. Qxe3 Re8 31. Qf3 Rxe2 32. Qxe2 b5 33. Kg2 Re8 34. Qf3 Qd4 35. Rf2 Nd5 36. Qf7 Re7 37. Qf8+ Kc7 38. Qf3 b4 39. Kh2 c3 40. bxc3 bxc3 41. Qf8 Qe4 42. Qa8 Kb6 43. Qb8+ Ka6 44. Qc8+ Kb5 45. Qb8+ Nb6 46. Qh8 Qc4 47. Rf5+ Ka6 48. Rf3 c2 49. Ra3+ Kb7 50. Rc3 c1Q 0-1

[Event "Palanga op"]
[Site "Palanga"]
[Date "2015.06.19"]
[Round "8"]
[White "Semonaviciute, Agne"]
[Black "Sarbay, Alexander"]
[Result "0-1"]
[WhiteElo "1766"]
[BlackElo "2136"]
[PlyCount "86"]
[EventDate "2015.06.15"]
[EventType "swiss"]
[EventRounds "9"]
[EventCountry "LTU"]
[SourceTitle "CBM 167 Extra"]
[Source "ChessBase"]
[SourceDate "2015.09.14"]
[SourceVersion "1"]
[SourceVersionDate "2015.09.14"]
[SourceQuality "1"]

1. e4 c5 2. Nf3 a6 3. g3 e6 4. d3 d5 5. Nbd2 g6 6. Bg2 Bg7 7. 0-0 Ne7 8. Re1 Nbc6 9. e5 0-0 10. Nf1 f6 11. Bf4 fxe5 12. Nxe5 Nxe5 13. Bxe5 Bxe5 14. Rxe5 Nc6 15. Re1 Qf6 16. Qd2 Qxb2 17. Ne3 Qg7 18. Rab1 Rb8 19. Nxd5 Nd4 20. Nb6 Bd7 21. Nxd7 Qxd7 22. Rb6 Rf6 23. Reb1 Nb5 24. a4 Qd8 25. Rxb7 Rxb7 26. Bxb7 Nd4 27. Kg2 Rf7 28. Be4 Qf6 29. Rb8+ Kg7 30. Rb7 Rxb7 31. Bxb7 e5 32. c3 Nb3 33. Qb2 c4 34. dxc4 Nc5 35. a5 e4 36. Bxe4 Qe5 37. Bd5 Nd3 38. Qd2 Qf5 39. Qe3 Ne5 40. Qa7+ Kh6 41. Qxa6 Nd3 42. Qb6 Nf4+ 43. Kf1 Qd3+ 0-1

[Event "Palanga op"]
[Site "Palanga"]
[Date "2015.06.18"]
[Round "6"]
[White "Limanovska, Elizabete"]
[Black "Sarbay, Alexander"]
[Result "0-1"]
[WhiteElo "1978"]
[BlackElo "2136"]
[PlyCount "134"]
[EventDate "2015.06.15"]
[EventType "swiss"]
[EventRounds "9"]
[EventCountry "LTU"]
[SourceTitle "CBM 167 Extra"]
[Source "ChessBase"]
[SourceDate "2015.09.14"]
[SourceVersion "1"]
[SourceVersionDate "2015.09.14"]
[SourceQuality "1"]

1. e4 c5 2. Nf3 Nc6 3. d4 cxd4 4. Nxd4 g6 5. Nc3 Bg7 6. Be3 Nf6 7. Bc4 0-0 8. Bb3 Qa5 9. 0-0 d6 10. f3 Nxd4 11. Bxd4 Be6 12. Re1 Nd7 13. Nd5 Bxd5 14. exd5 Rfe8 15. Bxg7 Kxg7 16. Qd4+ Kg8 17. Re3 Qc5 18. Qxc5 Nxc5 19. Rae1 Kf8 20. Bc4 a6 21. b4 Nd7 22. Bb3 b5 23. c4 bxc4 24. Bxc4 Nb6 25. Bb3 Rac8 26. a4 Nc4 27. R3e2 Ne5 28. Re3 g5 29. a5 Rb8 30. Ba4 Rec8 31. Rb3 Rc4 32. Reb1 Rd4 33. Bc6 Nxc6 34. dxc6 Rc4 35. b5 axb5 36. Rxb5 Rxb5 37. Rxb5 Rxc6 38. Rxg5 e5 39. f4 Rc1+ 40. Kf2 Ra1 41. fxe5 Rxa5 42. Kf3 dxe5 43. Ke4 f6 44. Rg3 Ra4+ 45. Kd5 Kf7 46. Rh3 Rd4+ 47. Kc6 Kg6 48. Rg3+ Kf5 49. Rh3 Rd2 50. Rxh7 Rxg2 51. Rh5+ Kf4 52. Kd5 Rg5 53. Rh4+ Kf5 54. Rh8 Rg4 55. h4 Rd4+ 56. Kc5 Rd7 57. h5 Re7 58. Kd6 Re6+ 59. Kd7 e4 60. h6 e3 61. h7 e2 62. Rd8 e1Q 63. h8Q Re7+ 64. Kc6 Qc3+ 65. Kd5 Re5+ 66. Kd6 Qc5+ 67. Kd7 Re7# 0-1

[Event "Palanga op"]
[Site "Palanga"]
[Date "2015.06.16"]
[Round "2"]
[White "Antonivs, Vladislavs"]
[Black "Sarbay, Alexander"]
[Result "0-1"]
[WhiteElo "1777"]
[BlackElo "2136"]
[PlyCount "108"]
[EventDate "2015.06.15"]
[EventType "swiss"]
[EventRounds "9"]
[EventCountry "LTU"]
[SourceTitle "CBM 167 Extra"]
[Source "ChessBase"]
[SourceDate "2015.09.14"]
[SourceVersion "1"]
[SourceVersionDate "2015.09.14"]
[SourceQuality "1"]

1. d4 Nf6 2. c4 e5 3. dxe5 Ng4 4. Bf4 Bb4+ 5. Nd2 d6 6. exd6 Qf6 7. Bg3 Qxb2 8. Ngf3 Bf5 9. dxc7 Nc6 10. Qc1 Bc3 11. Qxb2 Bxb2 12. Rd1 Bc2 13. e3 Rc8 14. c5 0-0 15. Be2 Bxd1 16. Bxd1 Nge5 17. 0-0 Bc3 18. Ne4 Nxf3+ 19. Bxf3 Be5 20. Nd2 Bxg3 21. hxg3 Rxc7 22. Rb1 Ne5 23. Ne4 Nxf3+ 24. gxf3 Rd7 25. Kf1 f5 26. Nc3 Rc8 27. Na4 Rcd8 28. Nc3 Rc7 29. Na4 Rd2 30. a3 Rd3 31. Ra1 Rb3 32. Ke2 Rd7 33. Ra2 Rdd3 34. Rd2 Rxd2+ 35. Kxd2 Rxa3 36. Nb2 Ra5 37. Nd3 Kf7 38. Kc3 g5 39. Kd4 h5 40. Ke5 Kg6 41. e4 fxe4 42. fxe4 Ra3 43. Ne1 h4 44. gxh4 gxh4 45. Kf4 h3 46. Nf3 Rxf3+ 47. Kxf3 a5 48. Kg3 a4 49. f4 a3 50. f5+ Kf6 51. Kf4 a2 52. e5+ Ke7 53. f6+ Ke6 54. Kg5 a1Q 0-1

[Event "Orsha op"]
[Site "Orsha"]
[Date "2015.01.25"]
[Round "9"]
[White "Sarbay, Alexander"]
[Black "Marutkins, Olegs"]
[Result "0-1"]
[WhiteElo "2142"]
[BlackElo "2127"]
[PlyCount "160"]
[EventDate "2015.01.19"]
[EventType "swiss"]
[EventRounds "9"]
[EventCountry "BLR"]
[SourceTitle "CBM 164 Extra"]
[Source "ChessBase"]
[SourceDate "2015.03.02"]
[SourceVersion "1"]
[SourceVersionDate "2015.03.02"]
[SourceQuality "1"]

1. e4 e5 2. Bc4 Nc6 3. Nc3 Nf6 4. d3 Be7 5. Nf3 0-0 6. a3 d6 7. h3 a6 8. 0-0 Be6 9. Bxe6 fxe6 10. d4 exd4 11. Nxd4 Nxd4 12. Qxd4 c5 13. Qd3 Qd7 14. Bg5 Ne8 15. Bxe7 Qxe7 16. Rad1 Rc8 17. Rd2 Qh4 18. Nd1 Nc7 19. c4 Ne8 20. Nc3 Rc7 21. b3 Kh8 22. Qe3 e5 23. Nd5 Rcf7 24. Rfd1 h5 25. b4 cxb4 26. axb4 Kh7 27. b5 g5 28. bxa6 bxa6 29. Ra1 g4 30. hxg4 Qxg4 31. Qe2 Qg6 32. Rxa6 h4 33. Ne3 Qxe4 34. Qh5+ Kg8 35. Qg4+ Qxg4 36. Nxg4 Rf4 37. Ne3 Kg7 38. Rc6 Kf7 39. c5 dxc5 40. Rxc5 e4 41. Re5 Nf6 42. Nf5 Kg6 43. Ne7+ Kg7 44. Nf5+ Kg6 45. Ne7+ Kg7 46. Nd5 Nxd5 47. Rexd5 R8f5 48. Rxf5 Rxf5 49. Rd4 Re5 50. Kf1 Kf6 51. Ke2 Kf5 52. Rd8 Re6 53. Ke3 Rg6 54. Rf8+ Ke5 55. Re8+ Kf5 56. Rxe4 Rxg2 57. Rxh4 Rg1 58. Ra4 Rb1 59. Ra5+ Kf6 60. Kf4 Rb4+ 61. Kg3 Rb1 62. Kg4 Rb6 63. f4 Kg6 64. Rg5+ Kf6 65. Rh5 Kg7 66. Rh1 Ra6 67. Kg5 Ra2 68. Rb1 Kf7 69. Rb7+ Kf8 70. f5 Ra6 71. Rc7 Rb6 72. Ra7 Rc6 73. Ra8+ Kf7 74. Ra1 Rb6 75. Rh1 Kg7 76. Ra1 Kf7 77. Ra7+ Kf8 78. f6 Rb1 79. Ra8+ Kf7 80. Ra7+ Kf8 0-1